000 00464nam a2200193Ia 4500
005 20240823062607.0
008 240823s9999||||xx |||||||||||||| ||und||
041 _aENGLISH
082 _A658.804 M9
100 _a"Hutt,Michael D"
245 0 _aBusiness Marketing management
250 _a3rd
260 _b"Dryden,New"
500 _aTRANSFERED
650 _aMarketing
_bManagement Studies
700 _a" Speh, Thomas.W"
942 _cBK
999 _c236248
_d236248